| 000 | 00595nam a22001817a 4500 | ||
|---|---|---|---|
| 005 | 20251108170820.0 | ||
| 008 | 250721s1983 xx 000 0 ara d | ||
| 082 | 1 | 4 | _a344.01565/موس |
| 100 | 1 | _aنفاع، موسى | |
| 245 | 1 | 0 | _aالمبادئ القانونية التي إستقر عليها إجتهاد القضاء الأردني في دعاوى و منازعات العمل.. / |
| 264 | 1 |
_aعمان : _c1983. |
|
| 300 | _a16ص | ||
| 650 | 1 | 7 | _aقانون العمل |
| 650 | 1 | 7 | _aالأردن |
| 650 | 1 | 7 | _aالضمان الإجتماعي |
| 942 |
_2ddc _cBK |
||
| 999 |
_c49644 _d49644 |
||